| 000 | 00469nam a22001937a 4500 | ||
|---|---|---|---|
| 003 | LK-CoDNM | ||
| 005 | 20250102121548.0 | ||
| 008 | 250102b |||||||| |||| 00| 0 eng d | ||
| 040 |
_aLK-CoDNM _dLK-CoDNM _eLK-CoDNM |
||
| 041 | _aeng | ||
| 080 |
_a3 _bN29 |
||
| 100 | _aHaldane,R.C | ||
| 245 | _aAll About Grub | ||
| 260 |
_aColombo _bA.M & .J Ferguson _c1881 |
||
| 300 | _a32p. : ill ; 23cm | ||
| 650 | _aScience | ||
| 650 | _aAll About Grub | ||
| 942 | _cBK | ||
| 999 |
_c234628 _d234628 |
||